00278 a2200133 450000100060000002000180000604000240002410000200004824000160006824500110008430000090009536200090010465000310011347564 a9788578481230 cAnchieta - Aquarius aHOFMEYR, Dianne10aBojabilpor10aBojabi a29p.0 a2012 4aLiteratura infanto-juvenil